Poverty reduction in Vietnam : Achievement and challenges

Poverty reduction poses special challenges in those rural districts of Vietnam that are isolated or face resource scarcity and environmental degradation, and in the slums and squatter settlements of the major cities which are the destination for an increasing number of poor rural migrants. Vietnam&#...

وصف كامل

محفوظ في:
التفاصيل البيبلوغرافية
مؤلف مشترك: Vietnam Academy of Social Sciences
التنسيق: كتاب
اللغة:Undetermined
منشور في: Ha Noi Thế giới 2011
الموضوعات:
الوسوم: إضافة وسم
لا توجد وسوم, كن أول من يضع وسما على هذه التسجيلة!
Thư viện lưu trữ: Trung tâm Học liệu Trường Đại học Cần Thơ
LEADER 01166nam a2200229Ia 4500
001 CTU_174972
008 210402s9999 xx 000 0 und d
082 |a 362.57 
082 |b V666 
110 |a Vietnam Academy of Social Sciences 
245 0 |a Poverty reduction in Vietnam : 
245 0 |b Achievement and challenges 
245 0 |c Vietnam Academy of Social Sciences 
260 |a Ha Noi 
260 |b Thế giới 
260 |c 2011 
520 |a Poverty reduction poses special challenges in those rural districts of Vietnam that are isolated or face resource scarcity and environmental degradation, and in the slums and squatter settlements of the major cities which are the destination for an increasing number of poor rural migrants. Vietnam's recent market liberalization is not sufficient to reduce poverty in these disadvantaged areas. Distinct, locally appropriate policies and innovative projects are needed. 
650 |a Poverty,Poor,Nghèo 
650 |x Government policy,Chính sách nhà nước 
650 |z Vietnam,Vietnam,Việt Nam 
904 |i Trọng Hiếu 
980 |a Trung tâm Học liệu Trường Đại học Cần Thơ